La estrategia del océano azul (Registro nro. 9261)
[ vista simple ]
| 000 -Cabecera | |
|---|---|
| Campo de control de longitud fija | 00841ntm a22003137a 4500 |
| 005 - Fecha y hora de la última transacción | |
| Campo de control | 20260213113221.0 |
| 008 - Elementos de longitud fija--Información general | |
| Campo de control de longitud fija | 170407b2015 xxu||||| |||| 00| 0 spa d |
| 020 ## - International Standard Book Number | |
| Número Internacional Estándar del Libro (ISBN) | 9788416115891 |
| 041 ## - Idioma | |
| Código de idioma | Español |
| 082 ## - Clasificación Decimal Dewey | |
| Número de clasificación | 658.401.2 C454e |
| 100 ## - Entrada principal--Autor personal | |
| Nombre personal | Chan Kim, W. |
| 9 (RLIN) | 42128 |
| 245 ## - Título propiamente dicho | |
| Título | La estrategia del océano azul |
| 260 ## - Pie de imprenta | |
| Lugar de publicación, distribución, etc. | España |
| 260 ## - Pie de imprenta | |
| Nombre del editor, distribuidor, etc. | Profit editorial |
| 260 ## - Pie de imprenta | |
| Fecha de publicación, distribución, etc. | 2015 |
| 300 ## - Descripción física | |
| Extensión | 300 páginas |
| 650 ## - Materia general | |
| Temática (materia general) | PLANIFICACIÓN Y ELABORACIÓN DE POLÍTICAS |
| 650 ## - Materia general | |
| Temática (materia general) | MARKETING |
| 650 ## - Materia general | |
| Temática (materia general) | ESTRATEGIAS |
| 650 ## - Materia general | |
| Temática (materia general) | ADMINISTRACIÓN DE EMPRESAS |
| 650 ## - Materia general | |
| Temática (materia general) | ANÁLISIS ESTRATÉGICO |
| 650 ## - Materia general | |
| Temática (materia general) | MERCADEO |
| 650 ## - Materia general | |
| Temática (materia general) | DEMANDA |
| 650 ## - Materia general | |
| Temática (materia general) | BARRERAS ORGANIZACIONALES |
| 650 ## - Materia general | |
| Temática (materia general) | NICHO DE MERCADO |
| 650 ## - Materia general | |
| Temática (materia general) | PLANIFICACIÓN ESTRATÉGICA |
| 650 ## - Materia general | |
| Temática (materia general) | ADMINISTRACIÓN DE MERCADEO |
| 942 ## - Punto de acceso adicional KOHA | |
| Tipo de ítem KOHA | Literatura |
| Fuente del sistema de clasificación o colocación | Dewey Decimal Classification |
| Signatura completa | Código de barras | Programa Académico | Tipo de ítem |
|---|---|---|---|
| 658.401.2 C454e | 22139 | Dirección y Administración de Empresas | Literatura |
| 658.401.2 C454e | 22140 | Dirección y Administración de Empresas | Literatura |
| 658.401.2 C454e | 23027 | Dirección y Administración de Empresas | Literatura |
| 658.401.2 C454e | 23028 | Dirección y Administración de Empresas | Literatura |
| 658.401.2 C454e | 23029 | Dirección y Administración de Empresas | Literatura |
| 658.401.2 C454e | 23030 | Dirección y Administración de Empresas | Literatura |
| 658.401.2 C454e | 23031 | Dirección y Administración de Empresas | Literatura |